000 00904cam a22002532 4500
001 0000002546
005 20151217151857.0
008 070413s xx 000 0 eng d
020 _a0306808889 :
_cUSD 15.95
040 _aKABU
_cKABU
050 0 _aML420
_b.B819B76 1999
100 1 _aBrown, Ruth,
_d1928-.
_@0000151934
245 1 0 _aMiss Rhythm :
_bthe autobiography of Ruth Brown, rhythm and blues legend /
_cRuth Brown; with Andrew Yule.
260 _aNew York :
_bDa Capo Press,
_c1999.
300 _aviii, 360 p. :
_bill. ;
_c24 cm.
500 _aOriginally published: New York: D. I. Fine Books, 1996.
504 _aDiscography: p. 344-350.
650 0 _aSingers
_xBiography
_zUnited States.
_@0000151935
700 1 _aBrown, Ruth,
_d1928-.
_@0000151934
700 1 _aYule, Andrew.
_@0000151936
908 _a070413
950 _@1
999 _c5903
_d5903